000 00387nam a2200121Ia 4500
005 20260328101519.0
008 260328s9999||||xx |||||||||||||| ||und||
100 _aOsorio Velásquez, Jorge Enrique
245 0 _aPaisaje Cultural cafetero :
_b Risaralda, Colombia /
_cJorge Enrique Osorio Velásquez
260 _bUniversidad Católica Popular de Risaralda
300 _a256 p.
942 _cBK
999 _c9515
_d9515